Biased: uncovering the hidden prejudice that shapes what we see, think, and do / (Record no. 615003)

000 -LEADER
fixed length control field 00747cam a2200229 i 4500
020 ## - INTERNATIONAL STANDARD BOOK NUMBER
International Standard Book Number 9780735224933
Qualifying information hardcover
020 ## - INTERNATIONAL STANDARD BOOK NUMBER
International Standard Book Number 9780735224940
Qualifying information ebook
082 00 - DEWEY DECIMAL CLASSIFICATION NUMBER
Classification number 303.385
Author Mark EBE
100 1# - MAIN ENTRY--PERSONAL NAME
Personal name Eberhardt, Jennifer L.
Relator term author.
245 10 - TITLE STATEMENT
Title Biased: uncovering the hidden prejudice that shapes what we see, think, and do /
Statement of responsibility, etc. Jennifer L. Eberhardt. PhD.
260 ## - PUBLICATION, DISTRIBUTION, ETC.
Place of publication, distribution, etc. USA:
Name of publisher, distributor, etc. Penguin Books;
Date of publication, distribution, etc. 2020.
300 ## - PHYSICAL DESCRIPTION
Extent 340 pages ;
Dimensions 24 cm
563 ## - BINDING INFORMATION
Binding note PB
650 #0 - SUBJECT ADDED ENTRY--TOPICAL TERM
Topical term or geographic name entry element Prejudices.
650 #0 - SUBJECT ADDED ENTRY--TOPICAL TERM
Topical term or geographic name entry element Discrimination.
650 #0 - SUBJECT ADDED ENTRY--TOPICAL TERM
Topical term or geographic name entry element Racism.
942 ## - ADDED ENTRY ELEMENTS (KOHA)
Source of classification or shelving scheme
Koha item type Book
650 #0 - SUBJECT ADDED ENTRY--TOPICAL TERM
-- 130800
650 #0 - SUBJECT ADDED ENTRY--TOPICAL TERM
-- 130827
650 #0 - SUBJECT ADDED ENTRY--TOPICAL TERM
-- 101762
Holdings
Withdrawn status Lost status Source of classification or shelving scheme Damaged status Not for loan Permanent Location Current Location Date acquired Total Checkouts Full call number Barcode Date last seen Price effective from Koha item type
          Central Library (CL) Central Library (CL) 10/03/2025   303.385 EBE LC-454 10/03/2025 10/03/2025 Book
© 2023 Central Library, National University of Sciences and Technology. All Rights Reserved.